|
|
|
|
| LEADER |
01054cam a2200313Ia 4500 |
| 001 |
9780203004920 |
| 003 |
FlBoTFG |
| 005 |
20091230162919.0 |
| 006 |
a|||||s||||||||||| |
| 007 |
cr|||| |
| 008 |
040427s2005 enka sb 001 0 eng d |
| 020 |
|
|
|a 9780203004920 (e-book : PDF)
|
| 040 |
|
|
|a FlBoTFG
|c FlBoTFG
|d GrThAP
|
| 090 |
|
|
|a CC75.7
|b .L83 2005
|
| 092 |
|
|
|a 930.1
|b L933
|
| 100 |
1 |
|
|a Lucas, Gavin,
|d 1965-
|
| 245 |
1 |
4 |
|a The archaeology of time
|h [electronic resource] /
|c Gavin Lucas.
|
| 260 |
|
|
|a London ;
|a New York :
|b Routledge,
|c 2005.
|
| 300 |
|
|
|a ix, 150 p. :
|b ill.
|
| 490 |
1 |
|
|a Themes in archaeology
|
| 504 |
|
|
|a Includes bibliographical references (p. 137-147) and index.
|
| 530 |
|
|
|a Also available in print edition.
|b CRC Press (http://www.crcpress.com)
|
| 538 |
|
|
|a Mode of access: World Wide Web.
|
| 650 |
|
0 |
|a Archaeology.
|
| 650 |
|
0 |
|a Time.
|
| 655 |
|
7 |
|a Electronic books.
|2 lcsh
|
| 776 |
1 |
|
|z 9780415311984
|
| 830 |
|
0 |
|a Themes in archaeology.
|
| 856 |
4 |
0 |
|u http://www.tandfebooks.com/isbn/9780203004920
|z Full Text via HEAL-Link
|